| 000 | 00688nam a22001817a 4500 | ||
|---|---|---|---|
| 003 | CEME | ||
| 005 | 20210628202717.0 | ||
| 008 | 210203b xxu||||| |||| 00| 0 eng d | ||
| 020 | _a0-471-16159-4 | ||
| 040 | _c. | ||
| 082 | _a658.05 BES | ||
| 100 |
_aBest, James D _961201 |
||
| 245 | _aThe digital organization, allied signal's success with business technology | ||
| 260 |
_aNEW YORK _bJOHN WILEY & SONS _c1997 |
||
| 300 | _aV,234P | ||
| 650 |
_aALLIED SIGNAL- MANAGEMENT, HIGH TECHNOLOGY INDUSTRIES UNITED STATES MANGEMENT CASE STUDIES, INTERNATIONAL BUSINESS ENTERPRISES UNITED STATES MANGEMENT CASE STUDIES, MANAGEMENT INFORMATION SYSTEMS CASE STUDIES _961202 |
||
| 942 |
_cBK _2ddc |
||
| 999 |
_c570733 _d570733 |
||